LEADER 01410nam a2200301 i 4500 001 000000219302 003 CaOOAMICUS 005 20210506152931.0 008 130422s2009 it u000 u ita u 013 $a198199 020 $a978-88-6124-119-0 040 $aSeMil$bita 100 1 $aAbignente, Donatella,$d<1951- >.$0(OLS)http://semarc/name/44610 245 13$aLe vie del bene :$boggettività, storicità, intersoggettività /$cD. Abignente, S. Bastianel. 260 $aTrapani :$bIl pozzo di Giacobbe,$c2009. 300 $a230 p. ;$c22 cm. 490 1 $aSequela di Cristo ;$v1 650 4$aBene.$0(OLS)http://semarc/subject/13320 650 4$aConcilio Vaticano II <1962-1965> - Costituzioni pastorali . Gaudium et Spes.$0(OLS)http://semarc/subject/417 700 1 $aBastianel, Sergio,$c.$0(OLS)http://semarc/name/89106 830 0$aSequela di Cristo ;$v1.$0(OLS)http://semarc/title/22169 850 $aSeMil 852 $aSeMil$W1$xVenegono$y1$m2BA L 1$j231531$B169667$CSeMilBibl$Z2$F181044 $81 961 $aSottoscrizione: Il pozzo di Giacobbe 996 $6020$a978-88-6124-119-0$9(OLS)http://semarc/number/182716 996 $6245$aLe vie del bene :$boggettività, storicità, intersoggettività$9(OLS)http://semarc/title/276088 996 $6260$aTrapani :$bIl pozzo di Giacobbe$9(OLS)http://semarc/publisher/31941 LEADER 01319nam a2200229 i 4500 001 000000243891 003 CaOOAMICUS 005 20260116145610.0 008 150723s1615 it u000 u ita u 013 $a222796 026 $aa,i- a.I. o,r- l'st (3) 1615 (R) 040 $aSeMil$bita 245 10$a1. 300 $a[32], 344 c. 500 $aFront. stampato in rosso e nero. 500 $aMarca editoriale: Pace (donna seduta accanto a colonna, con ramo d'olivo nella sinistra e caduceo nella destra). Sulla colonna: PAX. In cornice figurata. Motto: Omnem sensum exuperat (Rep.: Marques d'impressors, Univ. di Barcellona). 500 $aSegn.: a-h4 A-2V8 773 0 $aVillegas Selvago, Alonso : de <1534-1615>$tDiscorsi overo sermoni sopra gli evangeli di tutte le dominiche dell'anno; ferie di quaresima, et feste principali ... Di Alfonso di Villegas ... Nominati da lui Quarta parte del flos sanctorum, et nuovamente tradotti di spagnuolo in italiano, dal R.M. Gratia Maria Gratii. Con tavole, & indici copiosissimi ..$dIn Venetia : Appresso Giacomo de' Franceschi, 1615 (In Venetia : Pietro Maria Bertano, 1615)$g1$w()32259 850 $aSeMil 852 $aSeMil$W1$xVenegono$y1$m3F III 261 FA$j194237$B194237$CSeMilBibl$Z2$F204842 $8I 996 $6245$a1$9(OLS)http://semarc/title/6508